00502nam a22001697a 450000500170000000800410001702000180005804000210007604100080009708200150010510000310012024500800015125000120023126000340024330000100027765000450028720260515115058.0250306b |||||||| |||| 00| 0 eng d a9788119679980 aIN-DiNCcIN-DiNC dasm a491.1bBAR aBaruah, Anup Kumareauthor aBharatiya Arya bhashar parichaymulak itihas (Major6)/cby Anup Kumar Baruah a1st ed. aJorhat:bBidya bhawan,c2025. a174p. aHistory of Indo-Aryan languages (Major6)